000 00354nam a2200133Ia 4500
008 240624s9999 xx 000 0 und d
041 _aeng
082 _a658 MUK
100 _aMUKHERJEE KAMPAN
245 _aCORE SECTOR MANAGEMENT FOR GLOBAL COMPET
260 _c2010
_aNew Delhi
_bExcel Books
300 _axvii, : 304 : p. : cm. ; 23
365 _cRS
_b30
999 _c16300
_d16300